[Event "FRA-chT3 North 0304"]
[Site "France"]
[Date "2003.12.07"]
[Round "4.5"]
[White "Tupet, Guillaume"]
[Black "Kimmerlin, Gilles"]
[Result "0-1"]
[WhiteElo "2048"]
[BlackElo "1960"]
[PlyCount "81"]
[EventDate "2003.11.??"]
[EventType "team"]
[EventRounds "9"]
[EventCountry "FRA"]
[SourceTitle "EXT 2006"]
[Source "ChessBase"]
[SourceDate "2005.11.24"]
[SourceVersion "1"]
[SourceVersionDate "2005.11.24"]
[SourceQuality "1"]
[WhiteTeam "Neuville en Ferrain"]
[BlackTeam "Chauny St Quentin"]
[WhiteTeamCountry "FRA"]
[BlackTeamCountry "FRA"]

1. d4 c6 2. Nf3 d5 3. c4 Nf6 4. Nc3 e6 5. e3 Bd6 6. Bd3 Nbd7 7. e4 dxe4 8. Nxe4 Nxe4 9. Bxe4 Nf6 10. Bc2 Bb4+ 11. Bd2 Qa5 12. 0-0 Bxd2 13. Nxd2 Qb6 14. Nf3 0-0 15. Qe2 Qc7 16. Rad1 b6 17. Nd2 Bb7 18. Ne4 Nxe4 19. Qxe4 g6 20. Qe3 Kg7 21. Rd2 Rac8 22. Rfd1 Rfd8 23. Be4 Rd7 24. g3 Rcd8 25. b3 Qc8 26. h4 h5 27. Qg5 Qc7 28. Bf3 b5 29. c5 a5 30. Bxh5 Rd5 31. Qg4 Rxh5 32. Qe4 Qd7 33. Qf4 Rf5 34. Qe3 Qe8 35. Qc3 b4 36. Qe3 Rfd5 37. f4 Qe7 38. Kf2 Qf6 39. Kg1 Qf5 40. Kf2 Rh8 41. Kg2 0-1

[Event "FRA-chT3 Gr8 0203"]
[Site "France"]
[Date "2003.03.16"]
[Round "7"]
[White "Kimmerlin, Gilles"]
[Black "Gosset, Arnaud"]
[Result "1/2-1/2"]
[WhiteElo "1960"]
[BlackElo "2140"]
[PlyCount "40"]
[EventDate "2002.10.??"]
[EventType "team"]
[EventRounds "9"]
[EventCountry "FRA"]
[SourceTitle "EXT 2005"]
[Source "ChessBase"]
[SourceDate "2004.11.15"]
[SourceVersion "1"]
[SourceVersionDate "2004.11.15"]
[SourceQuality "1"]

1. e4 c6 2. f4 d5 3. exd5 cxd5 4. d4 Nf6 5. Bd3 Nc6 6. c3 g6 7. Nf3 Bf5 8. 0-0 Rc8 9. Ne5 Qb6 10. Kh1 e6 11. Bxf5 gxf5 12. Nd2 Rg8 13. Ndf3 Ne4 14. Nd2 Nf6 15. Qe2 Bd6 16. Ndf3 Ne4 17. Nd2 Nf6 18. Ndf3 Qd8 19. Bd2 Ne4 20. Be1 Qf6 1/2-1/2